Нормален изглед
MARC изглед
- Коларов, Иван
Вход 01. Лично име
001 - Контролен номер на записа
- Контролно поле: 491867
003 - Код на организацията, даваща контролен номер
- Контролно поле: BLK
005 - Дата и час на последна промяна на записа
- Контролно поле: 20240325085627.0
008 - Данни с фиксирана дължина – обща информация
- Данни с фиксирана дължина : 240322|| aca||aabn | a|a d
100 ## - ИМЕ НА ЛИЦЕ -ПЪРВИЧНА ИНТЕЛЕКТУАЛНА ОТГОВОРНОСТ
- Лично име: Коларов, Иван
- Дати, свързани с автора: 1923 - 2009
- Друга информация: Поет, сатирик, литературен критик, журналист. Преводач от сърбохърватски, руски, турски език. Обретеник
- Пълна форма на името: Иванов, Иван Стоянов
942 ## - Системна служебна употреба
- Koha auth type: PERSO_NAME